Stav skladovacích kapacít hnojovice na východe Slovenska kapacita hnojovicových nádrží pre chovy ošípaných ...

Bibliographic Details
Main Authors: Adamištin, Peter (Author), Mičura, Ján (Author)
Format: Article
Language:Slovak
PhysicalDescription:Grafy, tab.
ISSN:1335-1990
Subjects:

MARC

LEADER 00000nab a2200000 a 4500
001 vtls008938424
003 SK-MaSNL
005 20260426084026.0
008 250505c2006 xo |||||||||||000 b|slo
015 |a SNBRB2007/01  |2 snkbucl 
035 |a urn:nbn:sk:snk-ab882g 
035 |a (urnnbn)urn:nbn:sk:snk:ar-006pyf 
035 |a (uuid)0e80938a-db85-46c1-b161-3e18510b81d4 
038 |a SNKBUCL 
040 |a SNKBUCL  |b slo  |c SNKBUCL  |e AACR2 
041 0 |a slo 
044 |a xo  |c SK 
080 |a 631.248  |x (437.6)  |2 1997 
100 1 |a Adamištin, Peter  |4 aut  |9 1459982 
245 1 0 |a Stav skladovacích kapacít hnojovice na východe Slovenska  |b kapacita hnojovicových nádrží pre chovy ošípaných ...  |c Peter Adamištin, Ján Mičura 
300 |b Grafy, tab. 
650 0 7 |a poľnohospodárske podniky  |2 snkbucl  |9 4194 
650 0 7 |a hnojovica  |2 snkbucl  |9 15736 
650 0 7 |a skladovanie  |2 snkbucl  |9 14941 
650 0 7 |a nádrže  |2 snkbucl  |9 51283 
650 0 7 |a ošípané  |2 snkbucl  |9 2795 
650 0 7 |a kapacita  |2 snkbucl  |9 834132 
651 7 |a Slovensko východné  |2 snkbucl  |9 161134 
700 1 |a Mičura, Ján  |4 aut  |9 299107 
773 0 |t Slovenský chov  |g Roč. XI, č. 10 (2006), s. 36-38  |x 1335-1990 
850 |a Slovenská národná knižnica 
852 |a Slovenská národná knižnica 
954 |a odborná, vedecká literatúra pôvodná (slovenská)  |2 lita 
958 |a article9 
958 |a OND 
958 |a SK 
958 |a EUIPO 
999 |c 2919331  |d 2921261